Central Library OPAC University of Rajshahi

The Whig supremacy, 1714-1760 / (Record no. 26687)

MARC details
000 -LEADER
fixed length control field 01040nam a2200289 a 4500
001 - CONTROL NUMBER
control field 26687
003 - CONTROL NUMBER IDENTIFIER
rucl marc code BD-RjUL
005 - DATE AND TIME OF LATEST TRANSACTION
control field 20211209051043.0
008 - FIXED-LENGTH DATA ELEMENTS--GENERAL INFORMATION
fixed length control field 140323r19651939enkbe b 001 0 eng d
035 ## - SYSTEM CONTROL NUMBER
System control number (BD-RjUL)26757
040 ## - CATALOGING SOURCE
Original cataloging agency BD-RjUL
Language of cataloging eng
Transcribing agency BD-RjUL
Modifying agency BD-RjUL
041 ## - LANGUAGE CODE
Language code of text/sound track or separate title eng
082 ## - DEWEY DECIMAL CLASSIFICATION NUMBER
Classification number 942.07
Author mark and year WIW 1965
100 1# - MAIN ENTRY--PERSONAL NAME
Personal name Williams, Basil,
Dates associated with a name 1867-1950.
9 (RLIN) 75060
245 14 - TITLE STATEMENT
Title The Whig supremacy, 1714-1760 /
Statement of responsibility, etc. by Basil Williams.
Remainder of title Second edition revised by Stuart, C.H.
250 ## - EDITION STATEMENT
Edition statement 2nd rev ed
260 ## - PUBLICATION, DISTRIBUTION, ETC. (IMPRINT)
Place of publication, distribution, etc. Oxford :
Name of publisher, distributor, etc. Clarendon Press,
Date of publication, distribution, etc. 1939 [Reprinted 1965].
300 ## - PHYSICAL DESCRIPTION
Pagination xix, 504 p. :
Illustrations maps, plan ;
Size 23 cm.
504 ## - BIBLIOGRAPHY, ETC. NOTE
Bibliography, etc Bibliography: p. [434]-468. -- Includes index.
651 #0 - SUBJECT ADDED ENTRY--GEOGRAPHIC NAME
Geographic name Great Britain
General subdivision Politics and government
Chronological subdivision 1714-1760.
9 (RLIN) 75062
Geographic name Great Britain
General subdivision History
Chronological subdivision George I, II, 1714-1760.
9 (RLIN) 75063
Geographic name Great Britain
General subdivision Social conditions.
9 (RLIN) 82008
700 1# - ADDED ENTRY--PERSONAL NAME
Personal name Stuart, C. H.
Fuller form of name (Charles Harborne)
830 #0 - SERIES ADDED ENTRY--UNIFORM TITLE
Volume number/sequential designation v.11
830 #0 - SERIES ADDED ENTRY--UNIFORM TITLE
Uniform title Oxford history of England ;
942 ## - ADDED ENTRY ELEMENTS (KOHA)
Source of classification or shelving scheme Dewey Decimal Classification
Koha item type Books
Holdings
Lost status Source of classification or shelving scheme Damaged status Not for loan Collection code Permanent Location Current Location Shelving location Date acquired Source of acquisition Cost, normal purchase price Total Checkouts Full call number Date last seen Copy number Koha item type
  Dewey Decimal Classification     Non-fiction Central Library, University of Rajshahi Central Library, University of Rajshahi   21/01/1970 Zeit 0.00   942.07 WIW 1965 23/03/2014 C-5 Books